World Capitals Quiz - Names with Double Letters - Statistics

General Stats
  • This quiz has been taken 639 times
    609 since last reset
  • The average score is 16 of 22
Answer Stats
Country Capital City % Correct
Australia Canberra
85%
Estonia Tallinn
84%
New Zealand Wellington
84%
Canada Ottawa
82%
Andorra Andorra la Vella
81%
Belgium Brussels
80%
Malta Valletta
78%
Austria Vienna
78%
Mongolia Ulaanbaatar
76%
Ethiopia Addis Ababa
75%
Republic of the Congo Brazzaville
72%
Ghana Accra
71%
Jordan Amman
70%
Bahamas Nassau
69%
Yemen Sana'a
69%
Saint Kitts and Nevis Basseterre
64%
Gabon Libreville
63%
Sierra Leone Freetown
62%
Guinea-Bissau Bissau
60%
Ivory Coast Yamoussoukro
56%
Mauritania Nouakchott
55%
Sri Lanka Sri Jayawardenepura Kotte
55%
No matching quizzes found
Score Distribution
Percent of People with Each Score
Percentile by Number Answered
Your Score History
You have not taken this quiz since the last reset